Criminal victimization and perceptions of the community safety in 12 cities, 1998 /

Bibliographic Details
Corporate Authors: United States. Bureau of Justice Statistics, United States. Department of Justice. Office of Community Oriented Policing Services, United States. Department of Justice
Other Authors: Smith, Steven K.
Format: Government Document Book
Language:English
Published: Washington, DC : U.S. Dept. of Justice, [1999]
Subjects:

MARC

Tag First Indicator Second Indicator Subfields
LEADER 00000cam a2200000 a 4500
001 in00000005965
005 20150927203229.0
008 990820s1999 dcua bs f000 0 eng d
035 |a (OCoLC)42201055 
035 |9 AJJ9948AM 
037 |a NCJ 173940  |b NIJ 
040 |a GPO  |c GPO  |d DLC  |d MvI  |d UtOrBLW 
043 |a n-us--- 
049 |a UDOC 
074 |a 0717-R-01 
086 0 |a J 29.2:V 66/2 
245 0 0 |a Criminal victimization and perceptions of the community safety in 12 cities, 1998 /  |c by Steven K. Smith [and others] ; a joint project by the Bureau of Justice Statistics and the Office of Community Oriented Policing Services. 
264 1 |a Washington, DC :  |b U.S. Dept. of Justice,  |c [1999] 
300 |a v, 44 pages :  |b illustrations ;  |c 28 cm. 
336 |a text  |b txt  |2 rdacontent 
337 |a unmediated  |b n  |2 rdamedia 
338 |a volume  |b nc  |2 rdacarrier 
500 |a Shipping list number: 99-0318-P. 
500 |a "June 1999." 
504 |a Includes bibliographical references. 
650 0 |a Victims of crimes  |z United States  |v Statistics. 
650 0 |a Victims of crimes surveys  |z United States. 
650 0 |a Social surveys  |z United States. 
700 1 |a Smith, Steven K. 
710 1 |a United States.  |b Bureau of Justice Statistics. 
710 1 |a United States.  |b Department of Justice.  |b Office of Community Oriented Policing Services. 
710 1 |a United States.  |b Department of Justice. 
999 |a MARS 
999 f f |s 4dfa294f-51f7-364a-9329-abf94aa38b25  |i 58bf6398-0d8e-328d-a7cc-d7ddae6787ee  |t 0 
952 f f |p normal  |a Texas A&M University  |b College Station  |c Sterling C. Evans Library  |d Evans: US Documents (Annex 5th floor)  |t 0  |e J 29.2:V 66/2  |h Superintendent of Documents classification  |i unmediated -- volume  |m A14824318228 
998 f f |a J 29.2:V 66/2  |t 0  |l Evans: US Documents (Annex 5th floor)